000 00417cam a2200157 4500
008 020930n2006 000 0 eng u
020 _a1405100214
035 _a(Sirsi) u119909
100 _aSexton, M.
245 _aSustainable development in the built environment
260 _aOxford
_bBlackwell
_c2006
350 _a49.50
520 _aDue for publication March 2003.
700 _aBarrett, P.
942 _n0
999 _c102444
_d102444